Carlos nuestro / (Record no. 195846)

MARC details
000 -LEADER
campo de control de longitud fija 01265nam a22003375c 4500
001 - NÚMERO DE CONTROL
campo de control 195846
003 - IDENTIFICADOR DE NÚMERO DE CONTROL
campo de control SpMaBN
005 - FECHA Y HORA DE LA ÚLTIMA TRANSACCIÓN
campo de control 20250312063231.0
008 - DATOS DE LONGITUD FIJA--INFORMACIÓN GENERAL
campo de control de longitud fija 240721s2014 sp a | |||| 000 0dspa
017 ## - NÚMERO DE COPYRIGHT O DE DEPÓSITO LEGAL
Número de copyright o de depósito legal M 10338-2014
Agencia que asigna Oficina Depósito Legal Madrid
020 ## - NÚMERO INTERNACIONAL ESTÁNDAR DEL LIBRO
Número Internacional Estándar del Libro 9788461694211
035 ## - NÚMERO DE CONTROL DEL SISTEMA
Número de control de sistema (OCoLC)881219520
035 ## - NÚMERO DE CONTROL DEL SISTEMA
Número de control de sistema a5498772
040 ## - FUENTE DE CATALOGACIÓN
Centro catalogador/agencia de origen SpMaBN
Lengua de catalogación spa
Centro/agencia transcriptor SpMaBN
Normas de descripción rdc
080 ## - NÚMERO DE LA CLASIFICACIÓN DECIMAL UNIVERSAL
Número de la Clasificación Decimal Universal 929 Parada Cobo, Carlos
100 ## - ENTRADA PRINCIPAL--NOMBRE DE PERSONA
Nombre de persona Cobo Minguela, Maribel
Número de control del registro de autoridad o número normalizado XX5390710
9 (RLIN) 237594
245 10 - MENCIÓN DEL TÍTULO
Título Carlos nuestro /
Mención de responsabilidad, etc. Maribel Cobo Minguela.
250 ## - MENCION DE EDICION
Mención de edición Segunda edición: mayo, 2021
260 ## - PUBLICACIÓN, DISTRIBUCIÓN, ETC.
Lugar de publicación, distribución, etc. Madrid :
Nombre del editor, distribuidor, etc. M. Cobo,
Fecha de publicación, distribución, etc. 2014.
300 ## - DESCRIPCIÓN FÍSICA
Extensión 276 p. :
Otras características físicas il. col. y n. ;
Dimensiones 24 cm
336 ## - TIPO DE CONTENIDO
Término de tipo de contenido Texto (visual)
Fuente isbdcontent
337 ## - TIPO DE MEDIO
Nombre/término del tipo de medio sin mediación
Fuente isbdmedia
338 ## - TIPO DE SOPORTE
Fuente rdacarrier
Nombre/término del tipo de soporte volumen
600 #0 - PUNTO DE ACCESO ADICIONAL DE MATERIA--NOMBRE DE PERSONA
Nombre de persona Parada Cobo, Carlos,
Fechas asociadas al nombre 1976-2011
Fuente del encabezamiento o término embne
9 (RLIN) 237595
852 ## - LOCALIZACIÓN
Ubicación ES-MaACL
Ubicación en estantería Depósito J
Anotaciones manuscritas Dedicatoria autógrafa de MariBel Cobo Minguela
Donativo/Legado Donación: Maribel Cobo Minguela
Encuadernación Encuadernación: rústica con solapas
903 ## - NOMBRE PERSONAL DE DONANTE
9 237594
a Cobo Minguela, Maribel
e Donante
942 ## - ELEMENTOS DE ENTRADA SECUNDARIOS (KOHA)
Fuente del sistema de clasificación o colocación Clasificación decimal universal
Tipo de ítem Koha Libro impreso
Suprimir en OPAC No
954 ## - CATALOGADORES
Estado de la copia Tatiana Alejandra de Castro Pérez
Holdings
Estatus retirado Estado de pérdida Fuente del sistema de clasificación o colocación Estado de daño No para préstamo Colección Biblioteca de origen Biblioteca actual Ubicación en estantería Fecha de adquisición Fuente de adquisición Total de préstamos Signatura topográfica completa Código de barras Visto por última vez Precio de reemplazo Tipo de ítem Koha
    Clasificación decimal universal     Libros con dedicatorias Biblioteca del Ateneo de Madrid Biblioteca del Ateneo de Madrid Depósito J 10/03/2025 Donación   N-8860 101229550 10/03/2025 10/03/2025 Libro impreso